| 000 | 00655nam a2200205Ia 4500 | ||
|---|---|---|---|
| 008 | 100315s9999 xx 000 0 und d | ||
| 040 | _cENGLISH | ||
| 082 |
_b3401 _a658.022 |
||
| 100 | _a"Desai, Vasant " | ||
| 245 | _aSmal Scale Enterprises : Organisation & Management | ||
| 260 |
_aMumbai _bHimalaya Publishing House _c1999 |
||
| 300 | _a495p. | ||
| 365 |
_eRupees _d1 _b1000.00 |
||
| 366 | _f0 | ||
| 505 | _gTushar Jadhav | ||
| 620 | _a"The Organisation, Management " | ||
| 630 | _aSmal Scale Enterprises : Organisation & Management | ||
| 730 | _aSmal Scale Enterprises : Organisation & Management | ||
| 942 | _cBOOK | ||
| 999 |
_c478136 _d478133 |
||